00306nam a22001217a 4500003000400000005001700004007001000021008004100031040000600072082001500078245007500093260001600168OSt20260316102658.0327 pages260316b |||||||| |||| 00| 0 eng d c  a005.8bPAR aHands-on Artificial Intelligence for cyber securitycParisi,Alessandro bPacktc2019